Contractorisation - aspects of health and safety in the supply chain (Record no. 103252)

MARC details
000 -LEADER
fixed length control field 01449cam a2200253 4500
001 - CONTROL NUMBER
control field
008 - FIXED-LENGTH DATA ELEMENTS--GENERAL INFORMATION
fixed length control field 031209n2003 000 0 eng u
020 ## - INTERNATIONAL STANDARD BOOK NUMBER
International Standard Book Number 0717622134
035 ## - SYSTEM CONTROL NUMBER
System control number (Sirsi) u124585
041 ## - LANGUAGE CODE
Language code of text/sound track or separate title eng
100 ## - MAIN ENTRY--PERSONAL NAME
Personal name Winkler, Clive
245 ## - TITLE STATEMENT
Title Contractorisation - aspects of health and safety in the supply chain
260 ## - PUBLICATION, DISTRIBUTION, ETC.
Place of publication, distribution, etc. Sudbury
Name of publisher, distributor, etc. HSE
Date of publication, distribution, etc. 2003
520 ## - SUMMARY, ETC.
Summary, etc. This report investigates the reality behind the perception that contractorisation was increasing health and safety risks, particularly in smaller companies. Three sectors representing a range of health and safety cultures were looked at with the main aim of establishing whether this perception was real; how the HSE was viewed; and the driving forces for health and safety. The study found that this perception was not borne out amongst those people consulted and, in fact, some positive benefits of contractorisation were highlighted. Concludes that HSE should produce guidance on who is responsible for contractor's employees working at third parties' premises. View at www.hse.gov.uk.
650 ## - SUBJECT ADDED ENTRY--TOPICAL TERM
Topical term or geographic name entry element SUBCONTRACTORS
650 ## - SUBJECT ADDED ENTRY--TOPICAL TERM
Topical term or geographic name entry element CONTRACT STAFF
650 ## - SUBJECT ADDED ENTRY--TOPICAL TERM
Topical term or geographic name entry element EMPLOYEES
690 ## - LOCAL SUBJECT ADDED ENTRY--TOPICAL TERM (OCLC, RLIN)
Topical term or geographic name as entry element Health and safety
9 (RLIN) 6244
700 ## - ADDED ENTRY--PERSONAL NAME
Personal name Irwin, J. Neill
710 ## - ADDED ENTRY--CORPORATE NAME
Corporate name or jurisdiction name as entry element Great Britain
Subordinate unit Health and Safety Executive
710 ## - ADDED ENTRY--CORPORATE NAME
Corporate name or jurisdiction name as entry element Partnership Sourcing Ltd
9 (RLIN) 4566
856 ## - ELECTRONIC LOCATION AND ACCESS
Uniform Resource Identifier <a href="https://www.hse.gov.uk/research/rrhtm/rr112.htm">https://www.hse.gov.uk/research/rrhtm/rr112.htm</a>
Public note View the research on the HSE website...
942 ## - ADDED ENTRY ELEMENTS (KOHA)
Suppress in OPAC 0
Holdings
Withdrawn status Lost status Source of classification or shelving scheme Damaged status Not for loan Home library Current library Shelving location Date acquired Total Checkouts Full call number Barcode Date last seen Copy number Price effective from Koha item type
    Dewey Decimal Classification     Virtual Virtual Online 11/12/2003   ONLINE PUBLICATION 124585.1 06/08/2019 1 06/08/2019 Book